| 000 | 00998nas a2200349 4500 | ||
|---|---|---|---|
| 001 | BR0202316 | ||
| 003 | BR-BrBNA | ||
| 005 | 20231205102932.0 | ||
| 007 | ta | ||
| 008 | 230509b bl.|||p| |||| 00| 00por d | ||
| 040 |
_aBR-BrBNA _bpor _cBiblioteca Nacional de Agricultura |
||
| 041 | _a(Pt) | ||
| 072 | _aF01; E72 | ||
| 100 | 1 | _aAgostinetto, D. | |
| 100 | 1 | _aPuchalski, L.E.A. | |
| 100 | 1 | _aAzevedo, R. de | |
| 100 | 1 | _aStorch, G. | |
| 100 | 1 | _aBezerra, A.J.A. | |
| 100 | 1 | _aGrützmacher, A.D. | |
| 245 | 1 | _aCaracterização da fumicultura no município de Pelotas-RS | |
| 650 | _aFUMO | ||
| 650 | _aPEQUENO PRODUTOR | ||
| 650 | _aAGROTÓXICO | ||
| 650 | _aPRODUÇÃO | ||
| 650 | _aCOMERCIALIZAÇÃO | ||
| 650 | _aINDÚSTRIA | ||
| 650 | _aRENDA | ||
| 650 | _aRIO GRANDE DO SUL | ||
| 773 | 0 |
_tRevista Brasileira de Agrociência (Brazil) _xISSN 0104-8996 _g(May-Aug 2000), v. 6(2) p. 171-175 _wBR0202316 |
|
| 909 |
_a202311 _bLúcia _c55 _dLúcia Elande |
||
| 942 |
_2AGRIS _n0 _cANA |
||
| 999 |
_c170154 _d170154 |
||